| 000 | 00725cab a2200229 4500 | ||
|---|---|---|---|
| 001 | WB2931-65 | ||
| 008 | 090401t1993 xxu||||| |||| 00| 0 eng d | ||
| 035 | _a(Sirsi) u5995 | ||
| 041 | _aeng | ||
| 100 | _aTutcher, S. | ||
| 245 | _aBeach hut blues | ||
| 260 | _c1993 | ||
| 350 | _a0 | ||
| 490 |
_aCSW - The Property Week _v44(9) 26 August 1993, 53(1) |
||
| 520 | _aConsiders the decision in "Marks v Eastaugh (VO)" concerning the rateable value of a beach hut and due to lack of rental evidence Marks presented his case based on the contractor`s method. | ||
| 650 | _aBEACH HUT | ||
| 650 | _aCONTRACTORS METHOD | ||
| 650 | _aRATING APPEALS | ||
| 690 | _aRATING AND VALUATION | ||
| 942 | _n0 | ||
| 948 | _c04/03/1997 | ||
| 999 |
_c3591 _d3591 |
||